000
00285nam a22001217a 4500
008
170714b xxu||||| |||| 00| 0 eng d
041
_a
eng
080
_2
3 ED
_a
030
100
_a
24
101
_a
FJA
245
_a
THE OXFORD DICTIONATY OF QUOTATION
_c
HILLARY.C
942
_2
udc
_c
BK
999
_c
20956
_d
20956